| 000 | 00790cam a2200193 4500 | ||
|---|---|---|---|
| 001 | WB3621-02 | ||
| 008 | 000000n2000 000 0 eng u | ||
| 035 | _a(Sirsi) u106220 | ||
| 245 | _aGood property returns set to continue | ||
| 260 | _c2000 | ||
| 490 |
_aYorkshire Post _v 1 June 2000 19 (1) |
||
| 520 | _aThe investment market for commercial property has become increasingly competitive over the last 2 years. Competing forms of investment have peaked after a number of years of substantial growth. Looks at implications for Yorkshire and the north-east. | ||
| 590 | _aWB | ||
| 650 | _aPROPERTY-COMMERCIAL PROPERTY | ||
| 650 | _aINVESTMENT MARKET | ||
| 650 | _aCAPITAL GROWTH | ||
| 690 | _aPROPERTY-COMMERCIAL PROPERTY-COMMERCIAL PROPERTY FINANCE AND INVESTMENT | ||
| 942 | _n0 | ||
| 999 |
_c63630 _d63630 |
||